000 00607nam a2200133Ia 4500
008 171212s9999 xx 000 0 und d
020 _a9780874214093
100 _aSchroeder, Christopher
245 _cSchroeder, Christopher
_aReinventing The University
_bLiteracies and Legitimacy in the Postmodern Academy
260 _bUniversity Press of Colorado
_c2001
650 _aEducation, Higher -- United States -- Curricula; Postmodernism and education -- United States; Student participation in curriculum planning -- United States
650 _aLinguistics
856 _uhttp://www.jstor.org/stable/j.ctt46nz3f
999 _c353162
_d353162